Catálogo
 En Linea

Pensamiento filosófico latinoamericano : (Registro nro. 43713)

Detalles MARC
000 -CABECERA
campo de control de longitud fija 00760nam a2200205 a 4500
001 - NÚMERO DE CONTROL
campo de control 000044224
005 - FECHA Y HORA DE LA ÚLTIMA TRANSACCIÓN
campo de control 20201002045228.0
008 - DATOS DE LONGITUD FIJA--INFORMACIÓN GENERAL
campo de control de longitud fija 140610s2012 cl 000 0 spa d
020 ## - NÚMERO INTERNACIONAL ESTÁNDAR DEL LIBRO
Número Internacional Estándar del Libro 9789584229953
040 ## - FUENTE DE LA CATALOGACIÓN
Centro catalogador/agencia de origen DO-SdBNP
Lengua de catalogación spa
Centro/agencia transcriptor BNPHU
100 1# - ENTRADA PRINCIPAL--NOMBRE DE PERSONA
Nombre de persona Guadarrama González, Pablo.
9 (RLIN) 72225
245 10 - MENCIÓN DE TÍTULO
Título Pensamiento filosófico latinoamericano :
Resto del título humanismo, método e historia /
Mención de responsabilidad, etc. Pablo Guadarrama González ; prólogo.
260 ## - PUBLICACIÓN, DISTRIBUCIÓN, ETC.
Lugar de publicación, distribución, etc. Bogotá :
Nombre del editor, distribuidor, etc. Universidad Católica de Colombia,
Fecha de publicación, distribución, etc. 2012.
300 ## - DESCRIPCIÓN FÍSICA
Extensión v. ;
Dimensiones 24 cm.
490 1# - MENCIÓN DE SERIE
Mención de serie De sur a sur
Designación de volumen o secuencia 1
505 0# - NOTA DE CONTENIDO CON FORMATO
Nota de contenido con formato v. 2
Título Humanismo, método e historia --
504 ## - NOTA DE BIBLIOGRAFÍA, ETC.
Nota de bibliografía, etc. Incluye referencias bibliográficas y notas al pie de las páginas
504 ## - NOTA DE BIBLIOGRAFÍA, ETC.
Nota de bibliografía, etc. Bibliografía : p. 409 -430
830 #0 - PUNTO DE ACCESO ADICIONAL DE SERIE-TÍTULO UNIFORME
Título uniforme De sur a sur
Designación de volumen o secuencia 1
9 (RLIN) 72229
Existencias
Estado de retiro Estado de pérdida Restricciones de uso No para préstamo Código de colección Localización permanente Ubicación/localización actual Ubicación en estantería Fecha de adquisición Número de inventario Total de préstamos Signatura topográfica completa Código de barras Fecha visto por última vez Precio válido a partir de Tipo de ítem Koha Número de copia
      Excluido de préstamo Monografías: Libros y Folletos General General En catalogación 10.06.2014 LF1   44224-10 25.06.2020 25.06.2020 No se presta  
      Excluido de préstamo Monografías: Libros y Folletos General General En catalogación 10.06.2014 LF1   44224-20 25.06.2020 25.06.2020 No se presta e. 2
      Excluido de préstamo Monografías: Libros y Folletos General General En catalogación 10.06.2014 LF1   v. 3 44224-30 25.06.2020 25.06.2020 No se presta  

Con tecnología Koha